ប្រជុំនិទានជាតក : (Record no. 6829)
[ view plain ]
| 000 -LEADER | |
|---|---|
| fixed length control field | 01685nam a22002177a 4500 |
| 001 - CONTROL NUMBER | |
| control field | 6829 |
| 003 - CONTROL NUMBER IDENTIFIER | |
| control field | FISKH |
| 005 - DATE AND TIME OF LATEST TRANSACTION | |
| control field | 20250529164236.0 |
| 008 - FIXED-LENGTH DATA ELEMENTS--GENERAL INFORMATION | |
| fixed length control field | 250529b cb ||||| |||| 00| 0 eng d |
| 020 ## - INTERNATIONAL STANDARD BOOK NUMBER | |
| International Standard Book Number | 9789996332944 |
| 040 ## - CATALOGING SOURCE | |
| Original cataloging agency | FISKH |
| Language of cataloging | khr |
| Transcribing agency | FISKH |
| Modifying agency | FISKH |
| 082 ## - DEWEY DECIMAL CLASSIFICATION NUMBER | |
| Classification number | 291.13 |
| 100 ## - MAIN ENTRY--PERSONAL NAME | |
| Personal name | Siv, Song |
| 245 ## - TITLE STATEMENT | |
| Title | ប្រជុំនិទានជាតក : |
| Remainder of title | លំនាំរឿងសាសនា ភាគ៤ / |
| Statement of responsibility, etc. | សិទ្ធត្ថបណ្ឌិត សុង សុីវ រៀបរៀងជាមួយ ព្រះមហា សំ សុខ សាស្រ្តាចារ្យសាលាបាលីវត្តលង្កា |
| 260 ## - PUBLICATION, DISTRIBUTION, ETC. | |
| Place of publication, distribution, etc. | Phnom Penh : |
| Name of publisher, distributor, etc. | IBC, |
| Date of publication, distribution, etc. | 2002. |
| 300 ## - PHYSICAL DESCRIPTION | |
| Extent | 128 pages : |
| Other physical details | illustrations ; |
| Dimensions | 20 cm . |
| 520 ## - SUMMARY, ETC. | |
| Summary, etc. | សៀវភៅនេះផ្តល់នូវការរៀបរៀងរឿងជាតកដែលមានលំនាំសាសនា ដែលជាអត្ថបទសង្ខេបនៃគម្ពីរព្រះត្រៃបិដក។ វាជួយបង្ហាញពីគោលការណ៍នៃព្រះពុទ្ធសាសនាដោយប្រើរឿងរ៉ាវដែលមានអត្ថន័យជាអធិប្បាយសម្រាប់ការបង្រៀន និងការយល់ដឺង ។ |
| 520 ## - SUMMARY, ETC. | |
| Summary, etc. | This book presents a compilation of Jataka stories with a religious theme, serving as summarized narratives from the Tipitaka scriptures. It helps illustrate the principles of Buddhism through meaningful stories that act as explanatory tools for teaching and understanding. |
| 942 ## - ADDED ENTRY ELEMENTS (KOHA) | |
| Source of classification or shelving scheme | Dewey Decimal Classification |
| Koha item type | Books |
| Suppress in OPAC | No |
| Withdrawn status | Lost status | Source of classification or shelving scheme | Damaged status | Not for loan | Collection | Home library | Current library | Shelving location | Date acquired | Total Checkouts | Full call number | Barcode | Date last seen | Price effective from | Koha item type |
|---|---|---|---|---|---|---|---|---|---|---|---|---|---|---|---|
| Dewey Decimal Classification | Reference | Footprints International School Library Network Toul Tom Poung Campus | Footprints International School Library Network Toul Tom Poung Campus | Librarian's Shelf TTP | 05/29/2025 | SIV 291.13 | 2025-1447 | 05/29/2025 | 05/29/2025 | Books |
